[Event "Zuerich op-B 34th"]
[Site "Zuerich"]
[Date "2010.12.28"]
[Round "4"]
[White "Voegeli, Max"]
[Black "Kuenzi, Mark"]
[Result "0-1"]
[WhiteElo "1803"]
[BlackElo "1950"]
[PlyCount "124"]
[EventDate "2010.12.26"]
[EventType "swiss"]
[EventRounds "7"]
[EventCountry "SUI"]
[SourceTitle "CBM 140 Extra"]
[Source "ChessBase"]
[SourceDate "2011.03.01"]
[SourceVersion "1"]
[SourceVersionDate "2011.03.01"]
[SourceQuality "1"]

1. e4 c5 2. Nf3 Nc6 3. d3 g6 4. g3 Bg7 5. Bg2 Nf6 6. 0-0 0-0 7. Nbd2 d5 8. exd5 Nxd5 9. Re1 e6 10. Nf1 b6 11. Ne3 Bb7 12. Nc4 Qc7 13. Ne3 Nxe3 14. Rxe3 Rad8 15. Re1 c4 16. Qe2 cxd3 17. cxd3 Nb4 18. Bf4 Qc2 19. Rac1 Qxe2 20. Rxe2 Nxd3 21. Rc7 Nxf4 22. gxf4 Rd1+ 23. Ne1 Bxg2 24. Kxg2 Bxb2 25. Rxb2 Rxe1 26. Rxa7 Rb8 27. Rc2 Re4 28. Kf3 Rd4 29. Rcc7 Rf8 30. Rcb7 Rd6 31. Ra6 Kg7 32. a4 Kf6 33. Raxb6 Rxb6 34. Rxb6 Ra8 35. Rb4 Ra7 36. Ke4 Ke7 37. Kd4 Kd6 38. Rb6+ Kd7 39. Rb4 f6 40. Kc5 Kc7 41. Re4 Ra5+ 42. Kb4 Rf5 43. a5 Kb7 44. Rd4 h5 45. Rd7+ Kc6 46. Rd4 Rb5+ 47. Ka4 Rb2 48. Rc4+ Kd5 49. Rc8 Rxf2 50. Kb5 Rb2+ 51. Ka6 Rxh2 52. Ka7 Ra2 53. a6 Ke4 54. Kb6 Kxf4 55. a7 g5 56. Rc4+ Ke3 57. Rc5 Rxa7 58. Kxa7 h4 59. Rc6 f5 60. Rxe6+ Kf4 61. Rh6 Kg3 62. Rh5 Kg4 0-1

[Event "SUI-ch Hauptturnier II"]
[Site "Graechen"]
[Date "1999.??.??"]
[Round "5"]
[White "Lee, Ken"]
[Black "Kuenzi, Mark"]
[Result "1-0"]
[WhiteElo "1690"]
[BlackElo "1770"]
[PlyCount "35"]
[EventDate "1999.07.??"]
[EventType "swiss"]
[EventRounds "7"]
[EventCountry "SUI"]
[SourceTitle "EXT 2002"]
[Source "ChessBase"]
[SourceDate "2001.11.25"]
[SourceVersion "1"]
[SourceVersionDate "2001.11.25"]
[SourceQuality "1"]

1. d4 Nf6 2. Bg5 e6 3. e4 Be7 4. Nd2 d6 5. c3 Nbd7 6. Ngf3 b6 7. Bd3 Bb7 8. 0-0 0-0 9. Qe2 c5 10. e5 Ne8 11. Bf4 cxd4 12. cxd4 dxe5 13. dxe5 Nc7 14. Ne4 Nd5 15. Bg5 Nxe5 16. Nxe5 Bxg5 17. Qh5 Nf4 18. Nf6+ 1-0